00317 a2200121 4500001000700000020000600007040001100013100002800024240006300052245005800115362000900173440001300182170199 a  cMagnum aSantos, Maria Lucia Dos10aA expressao livre no aprendizado da lingua portuguesalpor10aA expressao livre no aprendizado da lingua portuguesa0 a1899 1aScipione